Adultery and divorce in Calvin's Geneva
Αποθηκεύτηκε σε:
| Κύριος συγγραφέας: | |
|---|---|
| Μορφή: | Βιβλίο |
| Γλώσσα: | English |
| Δημοσίευση: |
Cambridge, Mass. :
Harvard University Press,
1995
|
| Σειρά: | Harvard historical studies ;
; 118 |
| Θέματα: | |
| Ετικέτες: |
Προσθήκη ετικέτας
Δεν υπάρχουν, Καταχωρήστε ετικέτα πρώτοι!
|
MARC
| LEADER | 00000nam a2200000 i 4500 | ||
|---|---|---|---|
| 001 | 1/81386 | ||
| 008 | 050718s1995 eng d | ||
| 020 | |a 0-674-00521-X | ||
| 035 | |l 10079258 | ||
| 040 | |a GR-MY-UA |b gre |e aacr | ||
| 041 | 0 | |a eng | |
| 082 | 0 | |a 261.835890949 |2 (22) | |
| 100 | 1 | |a Kingdon, Robert McCune |d 1927- | |
| 245 | 1 | 0 | |a Adultery and divorce in Calvin's Geneva / |c Robert M. Kingdon |
| 260 | |a Cambridge, Mass. : |b Harvard University Press, |c 1995 | ||
| 300 | |a ix, 214 σ.; |c 23 εκ. | ||
| 490 | 1 | |a Harvard historical studies |v ; 118 | |
| 504 | |a Περιέχει βιβλιογραφία (σ. 204-209) και ευρετήριο | ||
| 650 | 0 | 0 | |a Divorce |z Switzerland |z Geneva |x History |y 16th century. |
| 650 | 0 | 0 | |a Adultery |z Switzerland |z Geneva |x History |y 16th century. |
| 650 | 0 | 0 | |a Divorce |x Religious aspects |x Reformed Church |x History |y 16th century. |
| 650 | 0 | 0 | |a Reformed Church |z Switzerland |z Geneva |x Doctrines |x History |y 16th century. |
| 651 | 0 | |a Geneva (Switzerland) |x Church history. | |
| 830 | 0 | |a Harvard historical studies ; |v ; 118 | |
| 852 | |a INST |b LESVOS |e 20050718 |h 261.835890949 KIN |p 005100031979 |q 005100031979 |t BK |y 0 | ||
| 901 | |a BIBL1-2005-2 | ||
| 909 | |a Λ |b 121791 | ||
| 920 | |a ΕΠΕΑΕΚ ΠΜΣ ΓΥΝΑΙΚΕΣ KAI ΦΥΛΑ |y ΛΕΣΒΟΣ |z 2005-06 | ||
| 970 | |a ΚΑΡΑ |b ΓΙΑΣΕΜΗ |z 2005/07/18 | ||